Every 112 Song on the Billboard Hot 100 - Statistics

General Stats
  • This quiz has been taken 10 times
    9 since last reset
  • The average score is 4 of 15
Answer Stats
# Year Song % Correct
4 2001 Peaches & Cream
86%
13 1996 Only You ft. The Notorious B.I.G.
71%
13 1997 Cupid
57%
39 2001 Dance With Me
43%
1 1997 I'll Be Missing You (Diddy & Faith Evans)
43%
6 2001 It's Over Now
43%
15 1999 Anywhere ft. Lil Zane
29%
17 1998 Love Me ft. Mase
29%
33 1997 Come See Me
14%
4 1997 All Cried Out (Allure)
0%
21 2000 Callin' Me (Lil Zane)
0%
58 2002 Hey Luv (Anything) (Mobb Deep)
0%
70 2003 Hot & Wet ft. Ludacris
0%
75 2003 Na Na Na ft. Super Cat
0%
32 2005 U Already Know ft. Foxy Brown
0%
No matching quizzes found
Score Distribution
Percent of People with Each Score
Percentile by Number Answered
Your Score History
You have not taken this quiz since the last reset